ბათუმის შოთა რუსთაველის სახელმწიფო უნივერსიტეტის ბიბლიოთეკა

ლაზური ენა და მისი ადგილი ქართველურ ენათა სისტემაში (ბიბ.ჩანაწერი № 52431)

000 -LEADER
fixed length control field 01021nam a2200253Ia 4500
001 - CONTROL NUMBER
control field 19453
003 - CONTROL NUMBER IDENTIFIER
control field GE_BSU
008 - FIXED-LENGTH DATA ELEMENTS--GENERAL INFORMATION
fixed length control field 181216s||||||||xx |||||||||||||| ||und||
020 ## - INTERNATIONAL STANDARD BOOK NUMBER
International Standard Book Number ISBN 99940-823-2-9
040 ## - CATALOGING SOURCE
Transcribing agency GE_BSU
080 ## - UNIVERSAL DECIMAL CLASSIFICATION NUMBER
Universal Decimal Classification number 811.353.31
100 ## - MAIN ENTRY--PERSONAL NAME
Personal name კარტოზია, გურამ
245 ## - TITLE STATEMENT
Title ლაზური ენა და მისი ადგილი ქართველურ ენათა სისტემაში
245 ## - TITLE STATEMENT
Statement of responsibility, etc. რედ.: თ. გამყრელიძე
260 ## - PUBLICATION, DISTRIBUTION, ETC.
Place of publication, distribution, etc. თბილისი
260 ## - PUBLICATION, DISTRIBUTION, ETC.
Name of publisher, distributor, etc. ნეკერი
260 ## - PUBLICATION, DISTRIBUTION, ETC.
Date of publication, distribution, etc. 2005
300 ## - PHYSICAL DESCRIPTION
Extent 288გვ; 20სმ
300 ## - PHYSICAL DESCRIPTION
Other physical details რეზ. რუს. ენ.. - ბიბლიოგრ. ტექსტ. შენიშვნ. და გვ. 277-287.
653 ## - INDEX TERM--UNCONTROLLED
Uncontrolled term ლაზური ენა და მისი ადგილი ქართველურ ენათა სისტემაში
653 ## - INDEX TERM--UNCONTROLLED
Uncontrolled term ლაზური ენა;
942 ## - ADDED ENTRY ELEMENTS (KOHA)
Koha item type წიგნი
ეგზემპლარები
Withdrawn status Lost status Damaged status Not for loan Date acquired Barcode Date last seen Price effective from Koha item type
        2018-12-17 48419 2018-12-17 2018-12-17 წიგნი
        2018-12-17 48420 2018-12-17 2018-12-17 წიგნი
        2018-12-17 48421 2018-12-17 2018-12-17 წიგნი
        2018-12-17 48422 2018-12-17 2018-12-17 წიგნი
        2018-12-17 48423 2018-12-17 2018-12-17 წიგნი
        2018-12-17 48424 2018-12-17 2018-12-17 წიგნი
        2018-12-17 48425 2018-12-17 2018-12-17 წიგნი
        2018-12-17 48426 2018-12-17 2018-12-17 წიგნი
        2018-12-17 48427 2018-12-17 2018-12-17 წიგნი
        2018-12-17 48428 2018-12-17 2018-12-17 წიგნი